| 000 | 00601nam a2200205 a 4500 | ||
|---|---|---|---|
| 005 | 20230902063618.0 | ||
| 008 | 991125s1974 es 000 0 spa u | ||
| 035 | _aUPN01000038886 | ||
| 049 | _aCG | ||
| 050 | 4 |
_aBC50 _bB6.48 1974 |
|
| 100 | 1 |
_aBochenski, Joseph M., _d1902-1995 _930235 |
|
| 245 | 1 | 4 |
_aLos métodos actuales del pensamiento / _cJ. M. Bochenski ; tr. de Raimundo Drudis Baldrich. |
| 250 | _a9a ed. | ||
| 260 |
_aMadrid : _bRialp, _c1974. |
||
| 300 | _a280 p. | ||
| 440 | 0 |
_aNaturaleza e historia ; _v25 |
|
| 650 | 4 |
_aLógica _96206 |
|
| 650 | 4 |
_aMetodología _96963 |
|
| 905 | _aLibro | ||
| 999 |
_c38886 _d38886 |
||